000
00301nam a22001337a 4500
020
_a
9780141341880
082
_a
813.6
_b
KIN
100
_a
Kinney,Jeff
245
_a
Diary of a wimpy kid Cabin fever
260
_a
USA:
_b
Puffin Books,
_c
2011.
300
_a
217p. ;
563
_a
PB
942
_2
ddc
_c
BK
999
_c
614869
_d
614869